[Event "Barcelona GM 2016"]
[Site "Barcelona ESP"]
[Date "2016.10.28"]
[Round "7.3"]
[White "Peralta, Fernando"]
[Black "Zvjaginsev, Vadim"]
[Result "1/2-1/2"]
[WhiteTitle "GM"]
[BlackTitle "GM"]
[WhiteElo "2577"]
[BlackElo "2673"]
[WhiteFideId "105309"]
[BlackFideId "4113403"]
[EventDate "2016.10.22"]

1. d4 Nf6 2. c4 e6 3. Nc3 d5 4. cxd5 exd5 5. Bg5 c6 6. Qc2 h6 7. Bh4 g6 8. e3
Bf5 9. Bd3 Bxd3 10. Qxd3 Nbd7 11. Nge2 Bg7 12. O-O O-O 13. Rad1 Re8 14. f3 b5
15. Bf2 a5 16. Qc2 Nb6 17. b3 Rc8 18. Nf4 c5 19. dxc5 Rxc5 20. Qd3 b4 21. Ne4
Nxe4 22. fxe4 Re5 23. exd5 Rc3 24. Qa6 Nd7 25. Ne6 Qc8 26. Qxc8+ Rxc8 27. Nxg7
Kxg7 28. d6 f6 29. e4 Rxe4 30. Rc1 Rxc1 31. Rxc1 Kf7 32. Kf1 Re5 33. Rc6 Ke6 34.
Ra6 g5 35. h4 h5 36. Bg3 Rc5 37. Bf2 Rc1+ 38. Be1 Nc5 39. Rxa5 Nd3 40. Ke2 Nxe1
41. hxg5 fxg5 42. Rxg5 h4 43. Rd5 Rc8 44. d7 Rd8 45. Rh5 Nxg2 46. Kf3 Ne1+ 47.
Ke2 Nc2 48. Rxh4 Rxd7 49. Rc4 Nd4+ 50. Kf2 Nf5 51. Re4+ Kf6 52. Rxb4 Rd2+ 53.
Ke1 Rxa2 54. Rb8 Ke5 55. b4 Nd6 56. Rd8 Ne4 57. b5 Rb2 58. b6 Kf4 59. Kd1 Ke3
60. b7 Rxb7 61. Kc2 Rc7+ 62. Kb3 Nc5+ 63. Kb4 Nd7 64. Rh8 Kd4 65. Rh4+ Kd5 66.
Rh5+ Ne5 67. Rh4 Nc6+ 68. Kc3 Ne5+ 69. Kb4 Rc8 70. Rh5 Rc1 71. Kb3 1/2-1/2